000 00625nam a22002177a 4500
003 UA-OsUOA
001 105993
007 ta
008 20140418b un ||||| |||| 00| 0 ukr d
100 _aКуревіна І.
090 _a330(477)
_bК93
942 _cSA
040 _aUA-OsUOA
_bukr
_cUA-OsUOA
_dUA-OsUOA
245 _aПриватні трансферти, споживання та інвестиції в Україїні
300 _aС.11-15
955 _a0
041 _aukr
080 _a330(477)
773 0 _w105992
_tЕкономіст
_dК.
_d2014
_g2
650 7 _a330 Економіка взагалі
_2UDC
999 _c392344
_d392344